| Tag |
First Indicator |
Second Indicator |
Subfields |
| LEADER |
00000cam a2200000 4500 |
| 001 |
in00000032507 |
| 005 |
20151007061800.0 |
| 008 |
750827s1959 nyua 00000 eng |
| 010 |
|
|
|a 59012535
|
| 035 |
|
|
|a (OCoLC)01576337
|
| 035 |
|
|
|9 AAD3056AM
|
| 040 |
|
|
|a DLC
|c FBA
|d TXA
|d UtOrBLW
|
| 049 |
|
|
|a TXAM
|c [426289]
|
| 050 |
0 |
0 |
|a TN930
|b .R6
|
| 082 |
0 |
|
|a 666.72
|
| 092 |
|
|
|a 666.72
|b R789a, 1959
|
| 100 |
1 |
|
|a Rosato, D. V.
|
| 245 |
1 |
0 |
|a Asbestos ;
|b its industrial applications.
|
| 264 |
|
1 |
|a New York :
|b Reinhold Pub. Corp.,
|c [1959]
|
| 300 |
|
|
|a 214 pages :
|b illustrations ;
|c 20 cm.
|
| 336 |
|
|
|a text
|b txt
|2 rdacontent
|
| 337 |
|
|
|a unmediated
|b n
|2 rdamedia
|
| 338 |
|
|
|a volume
|b nc
|2 rdacarrier
|
| 490 |
0 |
|
|a A Reinhold pilot book
|
| 650 |
|
0 |
|a Asbestos.
|
| 999 |
|
|
|a MARS
|
| 999 |
f |
f |
|s 50a354ef-5cf4-3fd7-9233-bb188000ec2a
|i 9a961838-fbce-3e31-a3f3-eb10b387b4b1
|t 0
|
| 952 |
f |
f |
|p normal
|a Texas A&M University
|b College Station
|c Sterling C. Evans Library
|d Evans: Library Stacks
|t 0
|e TN930 .R6
|h Library of Congress classification
|i unmediated -- volume
|m A14801116380
|
| 998 |
f |
f |
|a TN930 .R6
|t 0
|l Evans: Library Stacks
|